1166 1559 1067 1443 1124 1940 1076 1252 1544 1313 1842 1565 1220 1204 1262 1025 1786 1544 1032 1487 1649 1630 1379 1342 1937 1299 1515 1725 1576 1262 1269 1266 1873 1909 1799 1061 1824 1173 1575 1125 1170 1290 1288 1420 1944 1702 1970 1269 1780 1747 1574 1026 1501 1600 1715 1587 1149 1570 1892 1302 1672 1049 1973 1484 1496 1332 1040 1468 1558 1616 1793 1158 1079 1380 1718 1808 1686 1031 1174 1412 1748 1740 1101 1329 1275 1933 1147 1010 1819 1198 1072 1926 1863 1417 1474 1707 1572 1009 1655 BCNSPRNW ULIB Ver.6.0+V

เปลี่ยนเป็นภาษาไทย

Change to English
 แสดงรายละเอียดบรรณานุกรม
  กลับหน้าหลัก

Brief Record : Get Marc (ISO 2709) : E-mail record : QR code < ปิดหน้าต่าง
LEADER : 00000nam 2200000uu 4500
001    13399123750
003     ULIB
008    141125s2555||||th 000 0 tha d
020    ^a9786162791321
060 04 ^aQZ4^bต367
110 1  ^aมหาวิทยาลัยมหิดล^bคณะแพทยศาสตร์โรงพยาบาลรามาธิบดี. ^bภาควิชาพยาธิวิทยา
245 00 ^aตำราพยาธิวิทยากายวิภาค เล่ม 1 =^bAnatomical pathologyvolume 1 /^cบรรณาธิการ ศันสนีย์ วงศ์ไวศยวรรณ
246 31 ^aAnatomical pathology volume 1
250    ^aพิมพ์ครั้งที่ 2
260    ^aกรุงเทพฯ :^bโรงพิมพ์เดือนตุลา,^c2555
300    ^a615, [20] หน้า :^bภาพประกอบ ;^c30 ซม.
650  2 ^aPathology
650  4 ^aพยาธิวิทยา
650  4 ^aกายวิภาคศาสตร์
700 0  ^aธำรง จิรจริยาเวช,^eบรรณาธิการ
945    ^p1^l0^i037103
945    ^p1^l0^i037104
945    ^p1^l0^i037105
945    ^p1^l0^i037106
945    ^p1^l0^i037107
999    ^aเกษร โพธิ์สุวรรณ
รายการนี้ยังไม่มีแท็ก
คุณยังไม่ได้ล็อกอิน คุณสามารถมีกิจกรรมร่วมกับเว็บไซต์ได้ แต่ต้องล็อกอินก่อน ::
  ล็อกอิน

รายการสื่อสารสนเทศ

ลำดับที่ ประเภท เลขเรียก/บาร์โค้ด สถานที่ สถานะ
1. วิทยาศาสตร์การแพทย์ และสุขภาพ
หนังสือสำรอง
สถานะ=หนังสือสำรอง
QZ4 ต367 ฉ.1 
  Barcode: 037103
ห้องสมุดวิทยาเขตสวรรค์ประชารักษ์
►ส่วนจัดเก็บหนังสือเก่า สปร
บนชั้น
  ขอยืม
2. วิทยาศาสตร์การแพทย์ และสุขภาพ
วิทยาศาสตร์การแพทย์ และสุขภาพ
QZ4 ต367 ฉ.2 
  Barcode: 037104
ห้องสมุดวิทยาเขตสวรรค์ประชารักษ์
►ส่วนจัดเก็บหนังสือเก่า สปร
บนชั้น
  ขอยืม
3. วิทยาศาสตร์การแพทย์ และสุขภาพ
วิทยาศาสตร์การแพทย์ และสุขภาพ
QZ4 ต367 ฉ.3 
  Barcode: 037105
ห้องสมุดวิทยาเขตสวรรค์ประชารักษ์
►ส่วนจัดเก็บหนังสือเก่า สปร
บนชั้น
  ขอยืม
4. วิทยาศาสตร์การแพทย์ และสุขภาพ
วิทยาศาสตร์การแพทย์ และสุขภาพ
QZ4 ต367 ฉ.4 
  Barcode: 037106
ห้องสมุดวิทยาเขตสวรรค์ประชารักษ์
►ส่วนจัดเก็บหนังสือเก่า สปร
บนชั้น
  ขอยืม
5. วิทยาศาสตร์การแพทย์ และสุขภาพ
วิทยาศาสตร์การแพทย์ และสุขภาพ
QZ4 ต367 ฉ.5 
  Barcode: 037107
ห้องสมุดวิทยาเขตสวรรค์ประชารักษ์
►ส่วนจัดเก็บหนังสือเก่า สปร
บนชั้น
  ขอยืม

รายการใกล้เคียง
    หัวเรื่อง [Pathology]
    หัวเรื่อง [พยาธิวิทยา]
    หัวเรื่อง [กายวิภาคศาสตร์]

BibComment


ยังไม่เคยถูกคอมเมนท์

คอมเมนท์ทรัพยากรรายการนี้
  คอมเมนท์: ตำราพยาธิวิทยากา..


 Copyright 2026. Bcnsprnw @Library